Vybrané príklady účtovania cenných papierov a podielov obce/VÚC
Dlhodobý finančný majetok obstaráva obec/VÚC za účelom zhodnotenia voľných peňažných prostriedkov. Podľa opatrenia Ministerstva financií Slovenskej republiky MF/16786/2007-31 z 8. augusta 2007, ktorým sa ustanovujú podrobnosti o postupoch účtovania a rámcovej účtovej osnove pre rozpočtové organizáci...
Salvato in:
| Autore principale: | |
|---|---|
| Natura: | Capitolo di libro |
| Lingua: | slovacco |
| Soggetti: | |
| Tags: |
Nessun Tag, puoi essere il primo ad aggiungerne!!
|
MARC
| LEADER | 00000naa a2200000 4500 | ||
|---|---|---|---|
| 001 | 0245631 | ||
| 005 | 20240221131736.4 | ||
| 041 | 0 | |a slo | |
| 044 | |a SK | ||
| 245 | 1 | 0 | |a Vybrané príklady účtovania cenných papierov a podielov obce/VÚC |c Ingrid Šabíková |
| 520 | |a Dlhodobý finančný majetok obstaráva obec/VÚC za účelom zhodnotenia voľných peňažných prostriedkov. Podľa opatrenia Ministerstva financií Slovenskej republiky MF/16786/2007-31 z 8. augusta 2007, ktorým sa ustanovujú podrobnosti o postupoch účtovania a rámcovej účtovej osnove pre rozpočtové organizácie, príspevkové organizácie, štátne fondy, obce a vyššie územné celky v z. n. p. medzi dlhodobý finančný majetok patria podielové cenné papiere a podiely v dcérskej účtovnej jednotke , podielové cenné papiere a podiely v spoločnosti s podstatným vplyvom , realizovateľné cenné papiere a podiely, dlhové cenné papiere držané do doby splatnosti , dlhodobé pôžičky účtovnej jednotke v konsolidovanom celku , ostatné pôžičky , umelecké diela, zbierky, predmety z drahých kovov a pozemky, obstarané za účelom dlhodobého uloženia voľných peňažných prostriedkov . Ilustračné príklady. | ||
| 610 | 2 | 0 | |a obce |
| 610 | 2 | 0 | |a majetok finančný |
| 610 | 2 | 0 | |a papiere cenné |
| 610 | 2 | 0 | |a vyššie územné celky |
| 610 | 2 | 0 | |a účtovanie |
| 100 | 1 | |a Šabíková, Ingrid | |